000
00266nam a22001097a 4500
082
_a
380.10294
_b
MAS
_c
D
110
_a
M.A.S Agencies
_9
38361
245
_a
MAS yellow pages.
300
_a
913p.:
_b
ill.;
526
_a
0
_b
0
_c
0
_d
380_102940000000000_MAS
942
_2
ddc
_c
BK
999
_c
542974
_d
542974